🇩🇪 Alle Generalfeldmarschälle der Wehrmacht unter Hitler (1936–1945) - Statistiken

Allgemein
  • Dieses Quiz wurde 155 mal gespielt
  • Das Durchschnittsergebnis liegt bei 3 aus 15
Antwortstatistiken
Hint Antwort % Korrekt
11 Erwin Rommel
90%
2 Hermann Göring
49%
15 Erich von Manstein
38%
5 Wilhelm Keitel
37%
6 Gerd von Rundstedt
28%
8 Erwin von Witzleben
17%
3 Fedor von Bock
17%
13 Albert Kesselring
14%
10 GĂĽnther von Kluge
12%
1 Werner von Blomberg
11%
7 Walter von Reichenau
7%
4 Walther von Brauchitsch
7%
12 Hugo Sperrle
3%
9 Wilhelm List
3%
14 Eduard von Böhm-Ermolli
1%
Keine ĂĽbereinstimmenden Quizze gefunden
Verteilung der Resultate
Anzahl Personen mit jedem Resultat
Perzentil nach korrekt beantworteten Fragen
Ihre Resultats-Entwicklung
Sie haben dieses Quiz noch nicht gespielt